| 000 | 00507nam a22001577a 4500 | ||
|---|---|---|---|
| 005 | 20260325184248.0 | ||
| 008 | 260325b |||||||| |||| 00| 0 eng d | ||
| 020 | _a9780760060506 | ||
| 050 | _aHF5548.4 BES | ||
| 100 | _aBeskeen, David W. | ||
| 245 |
_aMicrosoft Office 2000 _billustrated introductory _cDavid .W. Beskeen et al. |
||
| 250 | _bProfessional edition | ||
| 260 |
_aOne Main Street, Cambridge _bCourse Technology _c2000 |
||
| 300 |
_axxiv. various paging _bill. color _c27.5cm |
||
| 942 |
_2lcc _cBK _n0 |
||
| 999 |
_c9166 _d9166 |
||